WWF WrestleMania X Match Card - Statistics

General Stats
  • This quiz has been taken 33 times
  • The average score is 22 of 26
Answer Stats
Match type Wrestler % Correct
Singles Bret Hart
100%
Singles Bret Hart
100%
Singles Lex Luger
100%
Singles Owen Hart
100%
Falls Count Anywhere Randy Savage
100%
Ladder Shawn Michaels
100%
Singles Yokozuna
100%
Singles Yokozuna
100%
Falls Count Anywhere Crush
95%
Ladder Razor Ramon
95%
Mixed tag team Bam Bam Bigelow
91%
Mixed tag team Dink the Clown
91%
Mixed tag team Doink the Clown
91%
Singles Earthquake
91%
Mixed tag team Luna Vachon
91%
Tag team Mabel
86%
Tag team Mo
86%
Singles Adam Bomb
77%
Tag team Pierre
77%
Tag team Jacques
73%
Singles Alundra Blayze
64%
Tag team Butch
59%
Tag team Luke
59%
Singles Leilani Kai
45%
Tag team Jimmy Del Ray
41%
Tag team Tom Prichard
41%
No matching quizzes found
Score Distribution
Percent of People with Each Score
Percentile by Number Answered
Your Score History
You have not taken this quiz